000 01468naa a22003737a 4500
001 BR8500916
003 BR-BrBNA
005 20240918175519.0
007 ta
008 230509b bl.||||| |||| 00| 0 por d
040 _aBR-BrBNA
_bpor
_cBiblioteca Nacional de Agricultura
041 _a(Pt)
072 _aF30
_b1110
_bG514
090 _aF30 BR8500916
100 1 _aSoares, N.B.
100 1 _aTeofilo Sobrinho, J.
100 1 _aSampaio, V.R.
100 1 _aIgue, T.
111 1 _a7. Congresso Brasileiro de Fruticultura
_cFlorianopolis, SC (Brazil)
_d26-30 Sep 1983
245 1 _aComportamento de oito variedades comerciais de abacateiro (Persea americana Mill)na regiao de Limeira, Sao Paulo [Brasil]
246 1 _aBehaviour of eight marketable avocado (Persea americana Mill)varieties in the region of Limeira, Sao Paulo [Brazil]
246 1 _a[Proceedings of the 7. Brazilian Congress on Fruit Crops]
260 3 _aFlorianopolis, SC (Brasil):
_c1984.
500 _aAnais do 7. Congresso Brasileiro de Fruticultura Florianopolis, SC (Brasil): 1984. v. 1 p. 30-43 (BR8500916-AM)F30
650 _aABACATE
650 _aVARIEDADE
650 _aPORTA ENXERTO
650 _aCOMPORTAMENTO DE VARIEDADE
650 _aRENDIMENTO
650 _aSAO PAULO
773 0 _tAnais do 7. Congresso Brasileiro de Fruticultura
_wF30 BR8500916
_gFlorianopolis, SC (Brasil), 1984. v. 1 p. 30-43
909 _a202404
_bLucia
_c55
_dLucia Elande
942 _cAM
_2AGRIS
999 _c317083
_d317083